Makroekonomické a finanční aspekty rozvoje eurozóny

Kľúčové makroekonomické rysy eurozóny. Rozvoj finančnej štruktúry eurozóny. Vývoj na peňažnom trhu (trh nezaistených depozít, repo trh, trh krátkodobých cenných papierov, trh krátkodobých derivátov, trh dlhopisov, akciový trh). Vznik nových eurových finančných nástrojov na kapitálových trhoch. Integ...

Ausführliche Beschreibung

Gespeichert in:
Bibliographische Detailangaben
1. Verfasser: Mejstřík, Michal
Format: Buchkapitel
Sprache:Tschechisch
Schlagworte:
Tags: Tag hinzufügen
Keine Tags, Fügen Sie das erste Tag hinzu!

MARC

LEADER 00000naa a2200000 4500
001 r038673
005 20231003121431.0
041 0 |a cze 
044 |a CZ 
245 1 0 |a Makroekonomické a finanční aspekty rozvoje eurozóny  |c Michal Mejstřík 
520 |a Kľúčové makroekonomické rysy eurozóny. Rozvoj finančnej štruktúry eurozóny. Vývoj na peňažnom trhu (trh nezaistených depozít, repo trh, trh krátkodobých cenných papierov, trh krátkodobých derivátov, trh dlhopisov, akciový trh). Vznik nových eurových finančných nástrojov na kapitálových trhoch. Integrácia trhu cenných papierov v eurozóne. 
610 2 0 |a Európska menová únia 
610 2 0 |a Európska únia 
610 2 0 |a eurozóna 
610 2 0 |a makroekonomika 
610 2 0 |a financie medzinárodné 
610 2 0 |a služby finančné 
610 2 0 |a trh peňažný 
610 2 0 |a papiere cenné 
100 1 |a Mejstřík, Michal